000 00651nam a22002297a 4500
003 UA-OsUOA
001 95069
007 ta
008 20130225b un ||||| |||| 00| 0 ukr d
100 _aЗюзюкин И.
090 _a821.161.1
_bЗ-98
942 _cBK
040 _aUA-OsUOA
_brus
_cUA-OsUOA
_dUA-OsUOA
245 _aСкрипка Ивана Гавриловича
_bроман, повести
300 _a478 с.
955 _a3
041 _arus
080 _a821.161.1
260 _aМ.
_bСоветский писатель
_c1988
650 7 _a82 Література. Літературознавство
_2UDC
999 _c381313
_d381313